Ideas y figuras

Tallennettuna:
Bibliografiset tiedot
Päätekijä: Romero, Francisco (Tekijä)
Aineistotyyppi: Kirja
Kieli:espanja
Julkaistu: Buenos Aires Losada 1949
Sarja:Biblioteca contemporánea
Aiheet:
Tagit: Lisää tagi
Ei tageja, Lisää ensimmäinen tagi!

MARC

LEADER 00000cam a2200000 a 4500
001 UCX2998
003 CL-VaPUC
008 910912e19490000AG |||||||||||||||||spa|d
082 0 4 |a 190  |b ROM  |2 21 
100 0 |a Romero, Francisco  |e author  |9 319127 
245 1 0 |a Ideas y figuras 
300 |a 149 p 
942 |c BK 
945 |d 19910912 00:00:00 
260 |a Buenos Aires  |b Losada  |c 1949 
650 0 |a Filosofía argentina  |9 313782 
583 |a last modification  |c 20140814 12:26:31  |k Rodrigo Vera 
490 0 |a Biblioteca contemporánea 
999 |c 223890  |d 223888 
952 |0 0  |1 0  |4 0  |6 190_000000000000000_ROM_1949  |7 0  |8 P  |9 220125  |a BIBEDU  |b BIBEDU  |c BIBEDU_PB  |d 2019-11-15  |i 2887967  |o 190 ROM 1949  |p 2887967  |r 2024-01-25  |w 2019-11-15  |y BK  |k LIT 
952 |0 0  |1 0  |4 0  |6 190_000000000000000_ROM_1949  |7 0  |8 P  |9 220126  |a BIBEDU  |b BIBEDU  |c BIBEDU_PB  |d 2019-11-15  |i 4678850  |o 190 ROM 1949  |p 4678850  |r 2024-01-25  |w 2019-11-15  |y BK  |k EPE 
952 |0 0  |1 0  |3 erb  |4 0  |6 190_000000000000000_ROM_1949  |7 0  |8 P  |9 220127  |a BIBEDU  |b BIBEDU  |c BIBEDU_PB  |i 5003016  |o 190 ROM 1949  |p 5003016  |r 2024-01-25  |w 2019-11-15  |y BK  |z Catalogado en:20140814  |k FIL